<?xml version="1.0" encoding="UTF-8"?>
<record
    xmlns:xsi="http://www.w3.org/2001/XMLSchema-instance"
    xsi:schemaLocation="http://www.loc.gov/MARC21/slim http://www.loc.gov/standards/marcxml/schema/MARC21slim.xsd"
    xmlns="http://www.loc.gov/MARC21/slim">

  <leader>03371nam a22005177a 4500</leader>
  <controlfield tag="003">BO-EaUP</controlfield>
  <controlfield tag="005">20260505141946.0</controlfield>
  <controlfield tag="008">260505b2024    ck ad|||ri||| 00| 0 spa d</controlfield>
  <datafield tag="020" ind1=" " ind2=" ">
    <subfield code="a">978-958-503-785-4</subfield>
  </datafield>
  <datafield tag="040" ind1=" " ind2=" ">
    <subfield code="a">BO-EaUP</subfield>
    <subfield code="c">Biblioadmiempresas</subfield>
    <subfield code="e">RDA</subfield>
    <subfield code="b">spa</subfield>
  </datafield>
  <datafield tag="041" ind1=" " ind2=" ">
    <subfield code="a">spa</subfield>
    <subfield code="h">spa</subfield>
  </datafield>
  <datafield tag="043" ind1=" " ind2=" ">
    <subfield code="a">s-ck</subfield>
  </datafield>
  <datafield tag="082" ind1=" " ind2=" ">
    <subfield code="2">21</subfield>
    <subfield code="a">658.5</subfield>
  </datafield>
  <datafield tag="092" ind1=" " ind2=" ">
    <subfield code="a">658.5</subfield>
    <subfield code="S">S5874L</subfield>
  </datafield>
  <datafield tag="100" ind1=" " ind2=" ">
    <subfield code="a">Silvera Escudero, Rodolfo Enrique</subfield>
    <subfield code="e">Autor</subfield>
    <subfield code="9">55</subfield>
  </datafield>
  <datafield tag="245" ind1="1" ind2="0">
    <subfield code="a">Log&#xED;stica XY plus. Gesti&#xF3;n y Sostenibilidad de la Cadena de Suministro /</subfield>
    <subfield code="c">Rodolfo Silvera E.</subfield>
  </datafield>
  <datafield tag="250" ind1=" " ind2=" ">
    <subfield code="a">Primera edici&#xF3;n</subfield>
  </datafield>
  <datafield tag="260" ind1=" " ind2=" ">
    <subfield code="a">Bogot&#xE1; :</subfield>
    <subfield code="b">Ecoe Edicones, </subfield>
    <subfield code="c">2024</subfield>
  </datafield>
  <datafield tag="300" ind1=" " ind2=" ">
    <subfield code="a">xxiv, 194 p&#xE1;ginas ;</subfield>
    <subfield code="b">Ilustraciones, cuadros, gr&#xE1;ficos ; Tapa blanda ;</subfield>
    <subfield code="c">17 x 24 cent&#xED;metros.-- (Econom&#xED;a, finanzas, empresa y gesti&#xF3;n de la distribuci&#xF3;n y la log&#xED;stica) ;</subfield>
    <subfield code="f">R&#xFA;stico</subfield>
  </datafield>
  <datafield tag="336" ind1=" " ind2=" ">
    <subfield code="2">rdacontenido</subfield>
    <subfield code="a">texto</subfield>
    <subfield code="b">txt</subfield>
  </datafield>
  <datafield tag="337" ind1=" " ind2=" ">
    <subfield code="2">rdamedia</subfield>
    <subfield code="a">no mediado</subfield>
    <subfield code="b">n</subfield>
  </datafield>
  <datafield tag="338" ind1=" " ind2=" ">
    <subfield code="a">volumen</subfield>
    <subfield code="b">nc</subfield>
    <subfield code="2">rdacarrier</subfield>
  </datafield>
  <datafield tag="505" ind1="2" ind2=" ">
    <subfield code="a">CAP&#xCD;TULOS 1. Planeaci&#xF3;n del servicio al cliente en la cadena de suministros.-</subfield>
  </datafield>
  <datafield tag="505" ind1="2" ind2=" ">
    <subfield code="a">CAP&#xCD;TULOS 2. Ubicaci&#xF3;n estrat&#xE9;gico de los centros de distribuci&#xF3;n.-</subfield>
  </datafield>
  <datafield tag="505" ind1="2" ind2=" ">
    <subfield code="a">CAP&#xCD;TULOS 3. Desarrollo sostenible de la empresas en general.- </subfield>
  </datafield>
  <datafield tag="505" ind1="2" ind2=" ">
    <subfield code="a">CAP&#xCD;TULOS 4. Log&#xED;stica verde y las estrategias de generaci&#xF3;n de valor.-</subfield>
  </datafield>
  <datafield tag="505" ind1="2" ind2=" ">
    <subfield code="a">CAP&#xCD;TULOS 5. Econom&#xED;a circular y su aplicaci&#xF3;n en la log&#xED;stica.-</subfield>
  </datafield>
  <datafield tag="505" ind1="2" ind2=" ">
    <subfield code="a">CAP&#xCD;TULOS 6. La importancia de la log&#xED;stica colaborativa en las zonas urbanas.-</subfield>
  </datafield>
  <datafield tag="505" ind1="2" ind2=" ">
    <subfield code="a">CAP&#xCD;TULOS 7. Plataformas tecnol&#xF3;gicas en zonas urbanas.-</subfield>
  </datafield>
  <datafield tag="505" ind1="2" ind2=" ">
    <subfield code="a">CAP&#xCD;TULOS 8. Medios de transporte terrestre en la distribuci&#xF3;n de las cargas en la log&#xED;stica urbana.-</subfield>
  </datafield>
  <datafield tag="505" ind1="2" ind2=" ">
    <subfield code="a">CAP&#xCD;TULOS 9. Estrategias de distribuci&#xF3;n y planificaci&#xF3;n.-</subfield>
  </datafield>
  <datafield tag="505" ind1="2" ind2=" ">
    <subfield code="a">CAP&#xCD;TULOS 10. Indicadores de gesti&#xF3;n en la log&#xED;stica urbana.-</subfield>
  </datafield>
  <datafield tag="505" ind1="2" ind2=" ">
    <subfield code="a">CAP&#xCD;TULOS 11. Sistema de gesti&#xF3;n de almacenamiento de mercanc&#xED;as.- </subfield>
  </datafield>
  <datafield tag="505" ind1="2" ind2=" ">
    <subfield code="a">CAP&#xCD;TULOS 12. Estudios de casos de la gesti&#xF3;n de inventarios en CEDI.-</subfield>
  </datafield>
  <datafield tag="505" ind1="2" ind2=" ">
    <subfield code="a">CAP&#xCD;TULOS 13. Ejercicios generales de gesti&#xF3;n de inventarios.--</subfield>
  </datafield>
  <datafield tag="520" ind1=" " ind2=" ">
    <subfield code="a">El libro Log&#xED;stica XY plus es una obra que describe en forma sistem&#xE1;tica la sostenibilidad y la colaboraci&#xF3;n que debe existir en la cadena de suministro. Se analizan situaciones de la econom&#xED;a aplicada a la gesti&#xF3;n log&#xED;stica, haciendo &#xE9;nfasis en la log&#xED;stica circular como pilar fundamental de la sostenibilidad de los procesos administrativos de cualquier ente econ&#xF3;mico que tenga como prioridad el servicio al cliente como herramienta en la generaci&#xF3;n de valor.</subfield>
  </datafield>
  <datafield tag="521" ind1=" " ind2=" ">
    <subfield code="a">Dirigido a estudiantes de Administraci&#xF3;n de Empresas, Administraci&#xF3;n Log&#xED;stica, Ingenier&#xED;a Industrial, Econom&#xED;a, Administraci&#xF3;n de Negocios Internacionales. De igual forma, a estudiantes tecn&#xF3;logos en Gesti&#xF3;n Log&#xED;stica, coordinadores de procesos log&#xED;sticos, distribuci&#xF3;n f&#xED;sica, comercio internacional, Especializaci&#xF3;n Tecnol&#xF3;gica en Gesti&#xF3;n Econ&#xF3;mica de la Log&#xED;stica Internacional y Especializaci&#xF3;n en Log&#xED;stica Internacional.</subfield>
  </datafield>
  <datafield tag="650" ind1=" " ind2=" ">
    <subfield code="a">LOG&#xCD;STICA EMPRESARIAL</subfield>
    <subfield code="9">1651</subfield>
  </datafield>
  <datafield tag="650" ind1=" " ind2=" ">
    <subfield code="a">OPERACIONES Y PROYECTOS</subfield>
    <subfield code="9">5926</subfield>
  </datafield>
  <datafield tag="650" ind1=" " ind2=" ">
    <subfield code="a">ADMINISTRACI&#xD3;N DE PRODUCTOS</subfield>
    <subfield code="9">6220</subfield>
  </datafield>
  <datafield tag="653" ind1=" " ind2=" ">
    <subfield code="a">DISTRIBUCI&#xD3;N F&#xCD;SICA DE MERCANC&#xCD;AS</subfield>
  </datafield>
  <datafield tag="653" ind1=" " ind2=" ">
    <subfield code="a">DESARROLLO SOSTENIBLE</subfield>
  </datafield>
  <datafield tag="653" ind1=" " ind2=" ">
    <subfield code="a">CONTROL DE INVENTARIOS</subfield>
  </datafield>
  <datafield tag="653" ind1=" " ind2=" ">
    <subfield code="a">SERVICIO AL CLIENTE</subfield>
  </datafield>
  <datafield tag="942" ind1=" " ind2=" ">
    <subfield code="2">ddc</subfield>
    <subfield code="c">BK</subfield>
    <subfield code="n">0</subfield>
    <subfield code="e">21</subfield>
  </datafield>
  <datafield tag="999" ind1=" " ind2=" ">
    <subfield code="c">5516</subfield>
    <subfield code="d">5516</subfield>
  </datafield>
  <datafield tag="952" ind1=" " ind2=" ">
    <subfield code="0">0</subfield>
    <subfield code="1">0</subfield>
    <subfield code="2">ddc</subfield>
    <subfield code="4">0</subfield>
    <subfield code="7">0</subfield>
    <subfield code="8">LOE</subfield>
    <subfield code="a">BEAE</subfield>
    <subfield code="b">BEAE</subfield>
    <subfield code="c">AF</subfield>
    <subfield code="d">2026-05-05</subfield>
    <subfield code="e">Compra</subfield>
    <subfield code="i">HBAEOA06-0593</subfield>
    <subfield code="l">0</subfield>
    <subfield code="o">658.5/S5874L</subfield>
    <subfield code="p">658.5/S5874L</subfield>
    <subfield code="r">2026-05-05 14:14:44</subfield>
    <subfield code="t">1</subfield>
    <subfield code="w">2026-05-05</subfield>
    <subfield code="y">BK</subfield>
  </datafield>
</record>
